00608naa a2200193 a 450000100080000000500110000800800410001910000140006024501430007426000090021765300220022665300200024865300120026865300150028070000220029570000260031770000200034377300510036319780232014-08-20 2013 bl uuuu u00u1 u #d1 aGALLI, V. aSelection of reliable reference genes for quantitative real-time polymerase chain reaction studies in maize grains.h[electronic resource] c2013 aGeNorm NormFinder aReference genes aRT-qPCR aZea mays L1 aMESSIAS, R. da S.1 aSILVA, S. D. dos A. e1 aROMBALDI, C. V. tPlant Cell Reportsgv. 31, p. 1869?1877, 2013.